Statistics for 10 biggest stadiums in Poland

Click here to take the quiz!

General Stats

  • This quiz has been taken 114 times
  • The average score is 8 of 10

Answer Stats

RankCapacityAnswer% Correct
1.58.500Warsaw - Stadion PGE Narodowy
100%
3.43.615Gdańsk - Stadion Energa
95%
5.41.344Poznań - INEA Stadion
94%
4.42.771Wrocław - Stadion Miejski
94%
6.33.268Kraków - Stadion Miejski im. Henryka Reymana
88%
8.31.103Warsaw - Stadion Wojska Polskiego
87%
2.55.211Chorzów - Stadion Śląski
78%
9.22.386Białystok - Stadion Miejski
69%
7.31.871Zabrze - Stadion im. Ernesta Pohla
55%
10.20.247Bydgoszcz - Stadion im. Zdzisława Krzyszkowiaka
47%

Score Distribution

Percentile by Number Answered

Percent of People with Each Score

Your Score History

You have not taken this quiz